<?xml version="1.0" encoding="UTF-8"?>
<record
    xmlns:xsi="http://www.w3.org/2001/XMLSchema-instance"
    xsi:schemaLocation="http://www.loc.gov/MARC21/slim http://www.loc.gov/standards/marcxml/schema/MARC21slim.xsd"
    xmlns="http://www.loc.gov/MARC21/slim">

  <leader>00859nam a2200253Ia 4500</leader>
  <controlfield tag="008">120625s2002    mx            000 0 spa d</controlfield>
  <datafield tag="020" ind1=" " ind2=" ">
    <subfield code="a">968507433X</subfield>
  </datafield>
  <datafield tag="050" ind1=" " ind2="4">
    <subfield code="a">KGF5935 </subfield>
    <subfield code="b">Z35</subfield>
  </datafield>
  <datafield tag="100" ind1="1" ind2=" ">
    <subfield code="a">Zamora Grant, Jos&#xE9;</subfield>
    <subfield code="e">, autor.</subfield>
    <subfield code="9">43652</subfield>
  </datafield>
  <datafield tag="245" ind1="1" ind2="3">
    <subfield code="a">La V&#xED;ctima en el sistema penal mexicano </subfield>
    <subfield code="c">/ Jos&#xE9; Zamora Grant</subfield>
  </datafield>
  <datafield tag="260" ind1="3" ind2=" ">
    <subfield code="a">M&#xE9;xico </subfield>
    <subfield code="b">: Instituto Nacional de Ciencias Penales</subfield>
    <subfield code="c">, 2002.</subfield>
  </datafield>
  <datafield tag="300" ind1=" " ind2=" ">
    <subfield code="a">205 p&#xE1;ginas.</subfield>
  </datafield>
  <datafield tag="336" ind1=" " ind2=" ">
    <subfield code="a">Texto</subfield>
  </datafield>
  <datafield tag="337" ind1=" " ind2=" ">
    <subfield code="a">Sin medio</subfield>
  </datafield>
  <datafield tag="338" ind1=" " ind2=" ">
    <subfield code="a">Volumen</subfield>
  </datafield>
  <datafield tag="490" ind1=" " ind2=" ">
    <subfield code="a">Colecc&#xF3;n victomol&#xF3;gica </subfield>
    <subfield code="v">; 3</subfield>
  </datafield>
  <datafield tag="504" ind1=" " ind2=" ">
    <subfield code="a">Incluye bibliograf&#xED;a (pp. 201-205)</subfield>
  </datafield>
  <datafield tag="519" ind1=" " ind2=" ">
    <subfield code="a">Material complemnetario /</subfield>
    <subfield code="d">(04 000727)</subfield>
  </datafield>
  <datafield tag="650" ind1="1" ind2="4">
    <subfield code="a">V&#xCD;CTIMAS DEL DELITO</subfield>
    <subfield code="x">CONDICI&#xD3;N JUR&#xCD;DICA, LEYES, ETC.</subfield>
    <subfield code="z">M&#xC9;XICO</subfield>
    <subfield code="9">43650</subfield>
  </datafield>
  <datafield tag="650" ind1="2" ind2="4">
    <subfield code="a">V&#xCD;CTIMAS DEL DELITO</subfield>
    <subfield code="z">M&#xC9;XICO</subfield>
    <subfield code="9">43588</subfield>
  </datafield>
  <datafield tag="650" ind1="2" ind2="4">
    <subfield code="a">DERECHO PENAL</subfield>
    <subfield code="z">M&#xC9;XICO</subfield>
    <subfield code="9">236</subfield>
  </datafield>
  <datafield tag="700" ind1=" " ind2=" ">
    <subfield code="a"> </subfield>
    <subfield code="9">43653</subfield>
  </datafield>
  <datafield tag="942" ind1=" " ind2=" ">
    <subfield code="c">LB</subfield>
  </datafield>
  <datafield tag="952" ind1=" " ind2=" ">
    <subfield code="0">0</subfield>
    <subfield code="1">0</subfield>
    <subfield code="4">0</subfield>
    <subfield code="7">0</subfield>
    <subfield code="a">04</subfield>
    <subfield code="b">04</subfield>
    <subfield code="d">2007-06-12</subfield>
    <subfield code="l">1</subfield>
    <subfield code="o">KGF5935 Z35</subfield>
    <subfield code="p">04 000727</subfield>
    <subfield code="r">2015-06-09</subfield>
    <subfield code="s">2015-05-27</subfield>
    <subfield code="t">1</subfield>
    <subfield code="w">2012-06-24</subfield>
    <subfield code="y">LB</subfield>
  </datafield>
  <datafield tag="999" ind1=" " ind2=" ">
    <subfield code="c">61837</subfield>
    <subfield code="d">61837</subfield>
  </datafield>
</record>
